| 000 | 00961cam a22002411i 4500 | ||
|---|---|---|---|
| 003 | SA-RiAUC | ||
| 005 | 20250103150158.0 | ||
| 008 | 250102s1962 ua g 000 0 ara c | ||
| 040 |
_aJO-MaAHU _bara _cSA-RiAUC _erda |
||
| 082 | 0 | 4 | _a210.2 |
| 090 |
_a210.2 _bق ا ض |
||
| 100 | 1 |
_aقاضي القضاة، عبد الجبار بن أحمد بن عبد الجبار، _dتوفي 415 هجري _eمؤلف. |
|
| 245 | 1 | 2 |
_aالمغني في أبواب التوحيد والعدل / _cأبو الحسن عبد الجبار الأسد آبادي. |
| 264 | 1 |
_aالقاهرة : _bالمؤسسة المصرية العامة، _c1962 |
|
| 300 | _aصفحة | ||
| 336 |
_aنص _btxt _2rdacontent _3كتاب |
||
| 337 |
_aبدون وسيط _bn _2rdamedia |
||
| 338 |
_aمجلد _bnc _2rdacarrier |
||
| 650 | 7 |
_aالمعتزلة (فرقة إسلامية) _2aucsh |
|
| 650 | 7 |
_aعلم الكلام _2aucsh |
|
| 942 |
_2ddc _cBOOK _n0 |
||
| 949 |
_aSA-JeALM _d250102 _uosman123 _n1 |
||
| 999 |
_c4395 _d4395 |
||